Fundamentos de finanzas corporativas

Saved in:
Bibliographic Details
Main Authors: Brealey, Richard A (Author), Myers, Stewart C (Author), Marcus, Alan J (Author)
Format: Book
Language:Spanish
Published: Madrid McGraw-Hill Interamericana de España, S.A.U 2007
Edition:5a. ed
Subjects:
Tags: Add Tag
No Tags, Be the first to tag this record!

MARC

LEADER 00000cam a2200000 a 4500
001 UCG3146
003 CL-VaPUC
008 100812e20070000SP |||||||||||||||||spa|d
020 |a 9788448156619 
082 0 4 |a 658.15  |b BRE  |2 21 
100 0 |a Brealey, Richard A  |e author  |9 552058 
700 0 |a Myers, Stewart C  |e author  |9 552059 
700 0 |a Marcus, Alan J  |e author  |9 552060 
245 1 0 |a Fundamentos de finanzas corporativas 
250 |a 5a. ed 
300 |a 764 p 
942 |c BK 
945 |d 20100812 00:00:00  |a mfarfan 
260 |a Madrid  |b McGraw-Hill Interamericana de España, S.A.U  |c 2007 
650 7 |a GESTION DE FINANZAS  |2 CL-VaPUC  |9 552061 
650 0 |a Análisis de proyectos   |9 434101 
650 7 |a ESTADOS FINANCIEROS  |2 CL-VaPUC  |9 552062 
650 0 |a Planificación financiera  |9 334413 
583 |a last modification  |c 20111202 10:35:21  |k Rodrigo Vera 
999 |c 342239  |d 342237 
952 |0 0  |1 0  |4 0  |6 658_150000000000000_BRE_2007  |7 0  |8 A  |9 438328  |a BIBING  |b BIBING  |d 2019-11-22  |i 470682K  |o 658.15 BRE 2007  |p 470682K  |r 2025-01-20  |w 2019-11-22  |y BK  |k ING 
952 |0 0  |1 0  |4 0  |6 658_150000000000000_BRE_2007  |7 0  |8 R  |9 438329  |a BIBGIM  |b BIBGIM  |d 2019-11-22  |i 480578K  |l 1  |o 658.15 BRE 2007  |p 480578K  |r 2025-01-15  |s 2022-03-22  |w 2019-11-22  |y BK_R  |k COM